| 000 | 00979cab a2200217 4500 | ||
|---|---|---|---|
| 001 | ABS67587 | ||
| 008 | 040331n2004 000 0 eng u | ||
| 035 | _a(Sirsi) u125693 | ||
| 100 | _aGoldsmith, S. | ||
| 245 | _aLifting the lid | ||
| 260 | _c2004 | ||
| 490 |
_aArchitects' Journal _v219(8) 26 February 2004, 44-45(2) |
||
| 520 | _aSecond article on the new Building Regulations Approved Document Part M. Suggests sanitary facilities built to accommodate wheelchair users may not always suit other building users. Looks at some of the problems which arise with design of such facilities. Table on effective door clearance width. (See also Abs67490). | ||
| 590 | _aABS | ||
| 650 | _aBUILDING REGULATIONS 1991 APPROVED DOCUMENT M (2004 EDITION) | ||
| 650 | _aMANAGEMENT-BUSINESS MANAGEMENT-DISCRIMINATION-DISABILITY DISCRIMINATION-ACCESSIBILITY | ||
| 650 | _aSANITARY FACILITIES | ||
| 650 | _aTOILETS | ||
| 690 | _aBUILT ENVIRONMENT-BUILDING STANDARDS | ||
| 942 | _n0 | ||
| 999 |
_c74334 _d74334 |
||